Topics in differential equations /

Gespeichert in:
Bibliographische Detailangaben
1. Verfasser: Ziebur, Allen D.
Format: Buch
Sprache:Englisch
Veröffentlicht: Belmont, Calif. : Dickenson Pub. Co., c1970.
Schlagworte:
Tags: Tag hinzufügen
Keine Tags, Fügen Sie das erste Tag hinzu!

MARC

LEADER 00000cam a2200000 4500
001 0000030715
005 20171002020404.0
008 710301s1970 caua b 00110 eng
010 |a  79131138 
035 |a  79131138 
040 |d COnyango 
050 0 0 |a QA371  |b .Z54  |a QA371  |b .Z54 
082 0 |a 515/.35 
100 1 0 |a Ziebur, Allen D. 
245 1 0 |a Topics in differential equations /  |c [by] Allen D. Ziebur. 
260 0 |a Belmont, Calif. :  |b Dickenson Pub. Co.,  |c c1970. 
300 |a xi, 307 p. :  |b illus. ;  |c 25 cm. 
504 |a Bibliography: p. 295. 
650 0 |a Differential equations. 
908 |a 060719 
942 |c G 
952 |0 0  |1 0  |4 0  |6 QA_371_000000000000000_Z54  |7 0  |9 28252  |a DUA  |b DUA  |c GC  |d 2017-09-28  |l 0  |o QA371.Z54  |p BK020636  |r 2017-09-28 00:00:00  |w 2017-09-28  |x 58109  |y G 
999 |c 18012  |d 18012